Tratado práctico de las Enfermedades del riñón / (Record no. 92266)

MARC details
000 -LEADER
campo de control de longitud fija 00709nam a2200193 i 4500
001 - NÚMERO DE CONTROL
campo de control 92266
003 - IDENTIFICADOR DE NÚMERO DE CONTROL
campo de control ES-MaACL
007 - CAMPO FIJO DE DESCRIPCIÓN FÍSICA--INFORMACIÓN GENERAL
campo de control de longitud fija t|
008 - DATOS DE LONGITUD FIJA--INFORMACIÓN GENERAL
campo de control de longitud fija 050224s1924 sp ||||1| spa d
100 1# - ENTRADA PRINCIPAL--NOMBRE DE PERSONA
Nombre de persona Lichtwitz, Leopold.
9 (RLIN) 72196
245 10 - MENCIÓN DEL TÍTULO
Título Tratado práctico de las Enfermedades del riñón /
Mención de responsabilidad, etc. Traducido directamente del aleman por el Dr.Antonio Jaumandreu; por el Prof. Dr. L. Lichtwitz.
260 ## - PUBLICACIÓN, DISTRIBUCIÓN, ETC.
Lugar de publicación, distribución, etc. Barcelona :
Nombre del editor, distribuidor, etc. Labor,
Fecha de publicación, distribución, etc. 1924.
300 ## - DESCRIPCIÓN FÍSICA
Extensión X; 282 p. ;
Dimensiones 24 cm.
490 1# - MENCIÓN DE SERIE
Mención de serie Las especialidades en la medicina práctica ;
Designación de volumen o secuencia IV
700 1# - ENTRADA AGREGADA--NOMBRE PERSONAL
Nombre de persona Jaumandreu, Antonio.
9 (RLIN) 66175
830 04 - PUNTO DE ACCESO ADICIONAL DE SERIE-TÍTULO UNIFORME
Título uniforme Las especialidades en la medicina práctica
Designación de volumen o secuencia IV
9 (RLIN) 182799
852 ## - LOCALIZACIÓN
Ubicación ES-MaACL
Número de control de estantería C-6705
Holdings
Estatus retirado Estado de pérdida Estado de daño No para préstamo Biblioteca de origen Biblioteca actual Ubicación en estantería Fecha de adquisición Fuente de adquisición Total de préstamos Signatura topográfica completa Código de barras Visto por última vez Precio de reemplazo Tipo de ítem Koha
        Biblioteca del Ateneo de Madrid Biblioteca del Ateneo de Madrid Sala Palomar 17/01/2008     C-6705 1096327 23/02/2023 23/02/2023 Libro impreso